Sports Quiz

Random Sports or Baseball Quiz
Score 0/22 Timer 03:00
0 Plays Today
Year Oppenent % Correct
2017New York Yankees
96.3%
2016Chicago Cubs
93.9%
2016Boston Red Sox
91.5%
2016Toronto Blue Jays
91.5%
2018Houston Astros
90.7%
1995Atlanta Braves
89.8%
1997Florida Marlins
89.8%
2007New York Yankees
87.7%
2007Boston Red Sox
87.7%
1954New York Giants
85.1%
2013Tampa Bay Rays
85%
Year Oppenent % Correct
1998New York Yankees
84.2%
1997New York Yankees
81.9%
1999Boston Red Sox
80.4%
1995Boston Red Sox
80.1%
1998Boston Red Sox
78.1%
1996Baltimore Orioles
76.6%
1997Baltimore Orioles
76.6%
1995Seattle Mariners
74.6%
1948Boston Braves
72.2%
2001Seattle Mariners
71.1%
1920Brooklyn Dodgers (Robins)
67.5%

You're not logged in!

Compare scores with friends on all Sporcle quizzes.
OR
Log In

Sporcle TV

Today on Sporcle TV


Watch our educational content, quiz creation guides, and fun videos on Sporcle TV.

Show Comments

Extras

Top Quizzes Today


Score Distribution

Paid Content

Your Account Isn't Verified!

In order to create a playlist on Sporcle, you need to verify the email address you used during registration. Go to your Sporcle Settings to finish the process.

Report this User

Report this user for behavior that violates our Community Guidelines.

Details: